Monster High par image - Statistiques

Statistiques générales
  • Ce quiz a été pris 647 fois
  • Le résultat moyen est 16 sur 24
Statistiques - réponses
Par images Réponse % Correct
Draculaura
99%
Cleo
95%
Frankie
94%
Clawdeen
89%
Ghoulia
89%
Lagoona
89%
spectra
85%
Catty
79%
Rochelle
78%
Cupid
77%
Vénus
75%
Operetta
73%
Toralei
69%
Abbey
68%
elissabat
56%
Howleen
56%
Rebecca
53%
Jinafire
50%
Claudia
42%
Sirena
38%
purrsephone
35%
Meowlody
33%
Scarah
33%
Luna
30%
Aucun quiz correspondant
Distribution des résultats
% des personnes avec chaque résultat
Percentile par nombre de réponses
Votre historique - résultats
Vous n’avez pas pris ce quiz